<?xml version="1.0" encoding="UTF-8"?>
<record
    xmlns:xsi="http://www.w3.org/2001/XMLSchema-instance"
    xsi:schemaLocation="http://www.loc.gov/MARC21/slim http://www.loc.gov/standards/marcxml/schema/MARC21slim.xsd"
    xmlns="http://www.loc.gov/MARC21/slim">

  <leader>00909njm a22002417a 4500</leader>
  <controlfield tag="005">20220720142849.0</controlfield>
  <controlfield tag="008">190128b        xxu||||| |||| 00| 0 spa d</controlfield>
  <datafield tag="041" ind1=" " ind2=" ">
    <subfield code="a">spa</subfield>
  </datafield>
  <datafield tag="100" ind1=" " ind2=" ">
    <subfield code="a">Capelli, Luciano</subfield>
    <subfield code="9">7706</subfield>
  </datafield>
  <datafield tag="100" ind1=" " ind2=" ">
    <subfield code="a">Ross, Yazm&#xED;n</subfield>
    <subfield code="9">23087</subfield>
  </datafield>
  <datafield tag="245" ind1=" " ind2=" ">
    <subfield code="a">A todo swing: pa' bailar de principio a fin</subfield>
  </datafield>
  <datafield tag="260" ind1=" " ind2=" ">
    <subfield code="a">Costa Rica</subfield>
  </datafield>
  <datafield tag="260" ind1=" " ind2=" ">
    <subfield code="b">Simbiosis de Centroam&#xE9;rica</subfield>
  </datafield>
  <datafield tag="260" ind1=" " ind2=" ">
    <subfield code="b">Papayamusic</subfield>
  </datafield>
  <datafield tag="260" ind1=" " ind2=" ">
    <subfield code="c">2006</subfield>
  </datafield>
  <datafield tag="300" ind1=" " ind2=" ">
    <subfield code="a">1 CD-ROM</subfield>
  </datafield>
  <datafield tag="300" ind1=" " ind2=" ">
    <subfield code="a">45:38 minutos</subfield>
  </datafield>
  <datafield tag="505" ind1=" " ind2=" ">
    <subfield code="a">1. Mueve, mueve.
2. Son de Tiquicia.
3. L&#xE1;grima por l&#xE1;grima.
4. Te regalo este bolero.
5. Ponga atenci&#xF3;n caballero.
6. As&#xED; naci&#xF3;n mi cumbia.
7. Tu ausencia.
8. Recordando mi puerto.
9. La leyenda de tus ojos.
10. Pa' chinear tu corazoncito.
11. Si quieres llorar.
12. Tu partida</subfield>
  </datafield>
  <datafield tag="650" ind1=" " ind2=" ">
    <subfield code="a">COSTA RICA</subfield>
    <subfield code="9">64093</subfield>
  </datafield>
  <datafield tag="650" ind1=" " ind2=" ">
    <subfield code="a">M&#xDA;SICA POPULAR</subfield>
    <subfield code="9">7685</subfield>
  </datafield>
  <datafield tag="650" ind1=" " ind2=" ">
    <subfield code="a">SWING (M&#xDA;SICA)</subfield>
    <subfield code="9">52017</subfield>
  </datafield>
  <datafield tag="942" ind1=" " ind2=" ">
    <subfield code="c">MU</subfield>
  </datafield>
  <datafield tag="999" ind1=" " ind2=" ">
    <subfield code="c">11600</subfield>
    <subfield code="d">11600</subfield>
  </datafield>
  <datafield tag="952" ind1=" " ind2=" ">
    <subfield code="0">0</subfield>
    <subfield code="1">0</subfield>
    <subfield code="4">0</subfield>
    <subfield code="7">0</subfield>
    <subfield code="a">BACB</subfield>
    <subfield code="b">BACB</subfield>
    <subfield code="d">2019-01-28</subfield>
    <subfield code="l">0</subfield>
    <subfield code="o">27 DC</subfield>
    <subfield code="p">27DC</subfield>
    <subfield code="r">2019-01-28 00:00:00</subfield>
    <subfield code="w">2019-01-28</subfield>
    <subfield code="y">MU</subfield>
  </datafield>
</record>
